Die gegensteuernden Maßnahmen der Strafvollzugsnovelle 1993
| Autor principal: | |
|---|---|
| Tipo de documento: | Print Artículo |
| Lenguaje: | Alemán |
| Publicado: |
1996
|
| En: |
Festschrift für Otto Triffterer zum 65. Geburtstag
Año: 1996, Páginas: [589] - 602 |
| Disponibilidad en Tübingen: | Disponible en Tübingen. IFK: 8697 |
| Verificar disponibilidad: | HBZ Gateway |
| Palabras clave: |
MARC
| LEADER | 00000caa a2200000 c 4500 | ||
|---|---|---|---|
| 001 | 113187661X | ||
| 003 | DE-627 | ||
| 005 | 20220517110824.0 | ||
| 007 | tu | ||
| 008 | 971014s1996 xx ||||| 00| ||ger c | ||
| 020 | |a 3211827668 | ||
| 035 | |a (DE-627)113187661X | ||
| 035 | |a (DE-576)061876615 | ||
| 035 | |a (DE-599)BSZ061876615 | ||
| 040 | |a DE-627 |b ger |c DE-627 |e rakwb | ||
| 041 | |a ger | ||
| 100 | 1 | |a Jesionek, Udo |d 1937- |0 (DE-588)124537472 |0 (DE-627)363405747 |0 (DE-576)161589146 |4 aut | |
| 109 | |a Jesionek, Udo 1937- | ||
| 245 | 1 | 4 | |a Die gegensteuernden Maßnahmen der Strafvollzugsnovelle 1993 |c Udo Jesionek |
| 264 | 1 | |c 1996 | |
| 336 | |a Text |b txt |2 rdacontent | ||
| 337 | |a ohne Hilfsmittel zu benutzen |b n |2 rdamedia | ||
| 338 | |a Band |b nc |2 rdacarrier | ||
| 773 | 0 | 8 | |i In |t Festschrift für Otto Triffterer zum 65. Geburtstag |d Wien [u.a.] : Springer, 1996 |g (1996), Seite [589] - 602 |h XIII, 840 S. |w (DE-627)278794343 |w (DE-576)050319973 |z 3211827668 |7 nnam |
| 773 | 1 | 8 | |g year:1996 |g pages:[589] - 602 |
| 935 | |a mkri | ||
| 951 | |a AR | ||
| ELC | |b 1 | ||
| LOK | |0 000 xxxxxcx a22 zn 4500 | ||
| LOK | |0 001 2314453271 | ||
| LOK | |0 003 DE-627 | ||
| LOK | |0 004 113187661X | ||
| LOK | |0 005 20100508125726 | ||
| LOK | |0 008 971014||||||||||||||||ger||||||| | ||
| LOK | |0 040 |a DE-21-24 |c DE-627 |d DE-21-24 | ||
| LOK | |0 689 |a s |a Strafvollzug (Österreich) | ||
| LOK | |0 852 |a DE-21-24 | ||
| LOK | |0 852 1 |c In: J,IXa*1,85 |m p |9 00 | ||
| LOK | |0 866 0 |z nur: S II; S IV | ||
| LOK | |0 935 |a uwfe | ||
| LOK | |0 936ln |a In: J,IXa*1, | ||
| LOK | |0 938 |k p | ||
| LOK | |0 939 |a 14-10-97 |b l01 | ||
| LOK | |0 000 xxxxxcx a22 zn 4500 | ||
| LOK | |0 001 2899286749 | ||
| LOK | |0 003 DE-627 | ||
| LOK | |0 004 113187661X | ||
| LOK | |0 005 20160223095132 | ||
| LOK | |0 008 160208||||||||||||||||ger||||||| | ||
| LOK | |0 040 |a DE-21-110 |c DE-627 |d DE-21-110 | ||
| LOK | |0 852 |a DE-21-110 | ||
| LOK | |0 852 1 |c 8697 |m p |9 00 | ||
| LOK | |0 935 |a k110 | ||
| LOK | |0 938 |k p | ||
| LOK | |0 939 |a 08-02-16 |b l02 | ||
| ORI | |a SA-MARC-krimdoka001.raw | ||
| SIG | |a IFK: 8697 | ||
